Statistics for Most Popular Beyonce Songs

Click here to take the quiz!

General Stats

  • This quiz has been taken 26 times
  • The average score is 6 of 10

Answer Stats

Song% Correct
Crazy In Love
96%
Halo
80%
Single Ladies
80%
Drunk In Love
76%
Run The World
60%
Love On Top
56%
If I Were A Boy
48%
Beautiful Liar
36%
7/11
16%
Irreplacable
16%

Score Distribution

Percentile by Number Answered

Percent of People with Each Score

Your Score History

You have not taken this quiz